000 00527nam a2200193Ia 4500
005 20250326141326.0
008 250326s9999 xx 000 0 und d
037 _aTextbook
040 _aFMSL
_beng
_cFMSL
041 _aeng
_2eng
084 _qFMSL
100 _aNeufeldt V
_9744185
245 0 _aWebsters new world dictionary of American English
_cNeufeldt V; Guranlnik DB Ed
250 _a3rd
260 _aNew York
_bNew York, Prentice-Hall
_c1998
300 _a1600p
942 _cTB
999 _c1289786
_d1289786